000 00311 a2200145 4500
001 162814
020 _a
040 _cMagnum
100 _aVieira, Thereza Freire
240 1 0 _aThamara uma menina carente
_lpor
245 1 0 _aThamara uma menina carente
362 0 _a1899
697 _aJ/GERAL
942 _cBK
999 _c162814
_d162814